| 000 | 00781nam a22002057a 4500 | ||
|---|---|---|---|
| 999 |
_c16514 _d16514 |
||
| 003 | AR-CdUCM | ||
| 008 | 190503b ||||| |||| 00| 0 spa d | ||
| 040 |
_aMUNICIPALIDAD PROVINCIAL DEL CUSCO _cBIBLIOTECA MUNICIPAL DEL CUSCO |
||
| 082 |
_a376.541 / _bS18 |
||
| 100 |
_aSalazar Romero, Carlos _96841 |
||
| 245 | _aLa estructura de la tesis universitaria / | ||
| 260 |
_aLima : _bStudium, _c1958. |
||
| 300 |
_a97 páginas ; _c18 cm. |
||
| 505 | _aLa investigación científica -- Naturaleza de la tesis -- Problema general --Las fuentes y la recolección de datos -- El método para la investigación ... | ||
| 650 |
_aTesis. _91981 |
||
| 650 |
_aMetodologia de la investigación. _95165 |
||
| 650 |
_aInvestigación científica. _99735 |
||
| 942 |
_2ddc _cLIBROS |
||
| 945 | _awfj | ||